Targetjobs (Record no. 108922)

MARC details
000 -LEADER
fixed length control field 01167cam a22002655a 4500
001 - CONTROL NUMBER
control field L145789
008 - FIXED-LENGTH DATA ELEMENTS--GENERAL INFORMATION
fixed length control field 081107s2007 xxkado f 00 0 eng u
020 ## - INTERNATIONAL STANDARD BOOK NUMBER
International Standard Book Number 1843186251
022 ## - INTERNATIONAL STANDARD SERIAL NUMBER
International Standard Serial Number 1753-6251
035 ## - SYSTEM CONTROL NUMBER
System control number (Sirsi) u145789
041 0# - LANGUAGE CODE
Language code of text/sound track or separate title eng
050 04 - LIBRARY OF CONGRESS CALL NUMBER
Classification number 650.14 $2 18
245 00 - TITLE STATEMENT
Title Targetjobs
Remainder of title quantity surveying and building surveying 2008
250 ## - EDITION STATEMENT
Edition statement 20th ed.
260 ## - PUBLICATION, DISTRIBUTION, ETC.
Place of publication, distribution, etc. Wallingford
Name of publisher, distributor, etc. GTI Specialist Publishers
Date of publication, distribution, etc. 2007
300 ## - PHYSICAL DESCRIPTION
Extent 104p.
Other physical details ill.
Dimensions 28cm.
505 2# - FORMATTED CONTENTS NOTE
Formatted contents note Why choose surveying? -- Getting a job -- Your career in quantity surveying -- Your career in building surveying -- Choosing an employer -- Career development -- Employer and courses providers
520 ## - SUMMARY, ETC.
Summary, etc. Provides advice for graduates seeking jobs in quantity surveying and building surveying. Includes information on different sectors of the industry, as well as guidance on career development and a job hunting guide. Also sets out profiles of employers and course providers.
521 ## - TARGET AUDIENCE NOTE
Target audience note Introductory
590 ## - LOCAL NOTE (RLIN)
Local note KA
651 #4 - SUBJECT ADDED ENTRY--GEOGRAPHIC NAME
Geographic name United Kingdom
Chronological subdivision
690 ## - LOCAL SUBJECT ADDED ENTRY--TOPICAL TERM (OCLC, RLIN)
Topical term or geographic name as entry element CAREERS, EDUCATION AND TRAINING-CAREERS IN SURVEYING
700 1# - ADDED ENTRY--PERSONAL NAME
Personal name Petrou, Sophie
Relator term Editor
942 ## - ADDED ENTRY ELEMENTS (KOHA)
Suppress in OPAC 0
Holdings
Withdrawn status Lost status Source of classification or shelving scheme Damaged status Not for loan Home library Current library Shelving location Date acquired Total Checkouts Full call number Barcode Date last seen Copy number Price effective from Koha item type
    Dewey Decimal Classification     London London Basement 07/11/2008   BASEMENT 30071266 06/08/2019 1 06/08/2019 Book